00539nam a22001697a 4500003000200000005001700002008004100019020002200060050002600082245003200108260005200140300003200192500003700224504005200261650003700313650001900350020230913084101.0230913b xxu||||| |||| 00| 0 eng d a978-1-284-27410-3 aRM 301.12 b.N63 2023 aNDH : nurse's drug handbook aBurlington,MAbJones & Barlett Learningcc2023. axxix, 1565 pages ; c23cm.  aDrugs--handbooks, manuals, etc.  aIncludes bibliographical references and index.  aDrugs--handbooks, manuals, etc.  aPharmacology.